Mexikansk Konst (Record no. 6830)

MARC details
000 -CABECERA
campo de control de longitud fija 00568nam a2200217 a 4500
001 - NÚMERO DE CONTROL
campo de control BRCA_7149
005 - FECHA Y HORA DE LA ÚLTIMA TRANSACCIÓN
campo de control 20190321142930.0
008 - DATOS DE LONGITUD FIJA--INFORMACIÓN GENERAL
campo de control de longitud fija 110112s1952----sw-a######---#000-0#swe-#
041 ## - CÓDIGO DE LENGUA
Código de lengua del texto/banda sonora o título independiente swe
044 ## - CÓDIGO DEL PAÍS DE LA ENTIDAD EDITORA/PRODUCTORA
Código MARC del país sw
050 #4 - SIGNATURA TOPOGRÁFICA DE LA BIBLIOTECA DEL CONGRESO
Número de documento/Ítem .M49 1952
245 10 - MENCIÓN DE TÍTULO
Título Mexikansk Konst
Resto del título från forntid till nutid
260 ## - PUBLICACIÓN, DISTRIBUCIÓN, ETC.
Lugar de publicación, distribución, etc. Estocolmo
Nombre del editor, distribuidor, etc. Liljevalchs Konsthall
Fecha de publicación, distribución, etc. 1952
300 ## - DESCRIPCIÓN FÍSICA
Extensión 123 p.
Otras características físicas il., 74 láminas
Dimensiones 22 cm.
440 #0 - MENCIÓN DE SERIE/PUNTO DE ACCESO ADICIONAL--TÍTULO
Título Liljevalchs katalog
Designación de volumen o secuencia 201
9 (RLIN) 17743
500 ## - NOTA GENERAL
Nota general O178
650 14 - PUNTO DE ACCESO ADICIONAL DE MATERIA--TÉRMINO DE MATERIA
Término de materia o nombre geográfico como elemento de entrada Arte México
9 (RLIN) 17744
650 14 - PUNTO DE ACCESO ADICIONAL DE MATERIA--TÉRMINO DE MATERIA
Término de materia o nombre geográfico como elemento de entrada Arte mexicano
9 (RLIN) 2321
902 ## - CATALOGADOR
Iniciales GFM
942 ## - ELEMENTOS DE PUNTO DE ACCESO ADICIONAL (KOHA)
Fuente del sistema de clasificación o colocación Library of Congress Classification
Tipo de ítem Koha Libros
Holdings
Estado de retiro Estado de pérdida Estado dañado No para préstamo Localización permanente Ubicación/localización actual Fecha de adquisición Número de inventario Total de préstamos Signatura topográfica completa Código de barras Fecha visto por última vez Precio válido a partir de Tipo de ítem Koha
El ejemplar forma parte de la colección y puede ser consultado según las políticas vigentes.       Biblioteca del Museo Franz Mayer (Rogerio Casas-Alatriste) Biblioteca del Museo Franz Mayer (Rogerio Casas-Alatriste) 11/01/2012 O178   .M49 1952 (O178) 7596 22/03/2019 22/03/2019 Libros